Justicia de paz y conciliación : (Registro nro. 7530)
[ vista simple ]
| 000 -LEADER | |
|---|---|
| fixed length control field | 02076nam a22002777a 4500 |
| 003 - CONTROL NUMBER IDENTIFIER | |
| control field | OSt |
| 005 - DATE AND TIME OF LATEST TRANSACTION | |
| control field | 20210310155232.0 |
| 008 - FIXED-LENGTH DATA ELEMENTS--GENERAL INFORMATION | |
| fixed length control field | 210310s2002 ck ||||fr|||| 00| 0 spa d |
| 020 ## - INTERNATIONAL STANDARD BOOK NUMBER | |
| International Standard Book Number | 9586354377 |
| 040 ## - CATALOGING SOURCE | |
| Original cataloging agency | CO-JMCR |
| Transcribing agency | CO-JMCR |
| 041 0# - LANGUAGE CODE | |
| Language code of text/sound track or separate title | spa |
| 082 04 - DEWEY DECIMAL CLASSIFICATION NUMBER | |
| Classification number | 347.09861 / |
| Item number | C764j |
| Edition number | 23 |
| 100 1# - MAIN ENTRY--PERSONAL NAME | |
| Personal name | Contreras Herrera, Publio, |
| Relator term | autor |
| 9 (RLIN) | 14692 |
| 245 10 - TITLE STATEMENT | |
| Title | Justicia de paz y conciliación : |
| Remainder of title | gran problema nacional / |
| Statement of responsibility, etc. | Publio Contreras Herrera |
| 250 ## - EDITION STATEMENT | |
| Edition statement | Primera edición |
| 260 ## - PUBLICATION, DISTRIBUTION, ETC. | |
| Place of publication, distribution, etc. | Bogotá : |
| Name of publisher, distributor, etc. | Ediciones Librería del Profesional, |
| Date of publication, distribution, etc. | 2002 |
| 300 ## - PHYSICAL DESCRIPTION | |
| Extent | xxii, 305 páginas ; |
| Dimensions | 24 cm. |
| 504 ## - BIBLIOGRAPHY, ETC. NOTE | |
| Bibliography, etc. note | Bibliografía: páginas [303]-305 |
| 505 0# - FORMATTED CONTENTS NOTE | |
| Formatted contents note | El pueblo soberanía, justicia y derechos -- Soberanía del pueblo -- Democracia -- Justicia comunitaria igual derecho justo -- Principales derechos fundamentales vinculantes para alcanzar la convivencia social -- La justicia de paz -- La tradición histórica de los jueces de paz -- La conciliación -- Normatividad y dinámica de la conciliación -- Bases metodológicas de la conciliación herramientas -- Potencias debatidas simposios nacionales de jueces y fiscales |
| 520 3# - SUMMARY, ETC. | |
| Summary, etc. | La obra "Justicia de paz y conciliación - Gran problema nacional" que tiene su enfoque social en la soberanía del Pueblo como constituyente primario, de acuerdo a los planteamientos que expongo, se orienta a que la implantación por primera vez en Colombia de la Institución de la Justicia de Paz, creada mediante la Ley 497 de 1999, y que se entrelaza estrechamente con los preceptos contenidos en la Ley 640 de 2001, no tendrá su desenvolvimiento normal según su espíritu filosófico, sino que por el contrario va a sufrir un colapso estruendoso en razón del sinnúmero de actores del conflicto que continua e inmisericordemente vienen sembrando desde hace varias décadas el terror en la población inocente. |
| 650 14 - SUBJECT ADDED ENTRY--TOPICAL TERM | |
| Topical term or geographic name entry element | Conciliación |
| Geographic subdivision | Colombia |
| 9 (RLIN) | 14693 |
| 650 24 - SUBJECT ADDED ENTRY--TOPICAL TERM | |
| Topical term or geographic name entry element | Jueces de paz |
| Geographic subdivision | Colombia |
| 9 (RLIN) | 14422 |
| 650 24 - SUBJECT ADDED ENTRY--TOPICAL TERM | |
| Topical term or geographic name entry element | Justicia social |
| Geographic subdivision | Colombia |
| 9 (RLIN) | 14694 |
| 650 24 - SUBJECT ADDED ENTRY--TOPICAL TERM | |
| Topical term or geographic name entry element | Convivencia |
| Geographic subdivision | Colombia |
| 9 (RLIN) | 13035 |
| 942 ## - ADDED ENTRY ELEMENTS (KOHA) | |
| Source of classification or shelving scheme | Dewey Decimal Classification |
| Koha item type | Books |
| Withdrawn status | Lost status | Source of classification or shelving scheme | Damaged status | Not for loan | Collection code | Home library | Current library | Date acquired | Source of acquisition | Total Checkouts | Full call number | Barcode | Date last seen | Copy number | Price effective from | Koha item type |
|---|---|---|---|---|---|---|---|---|---|---|---|---|---|---|---|---|
| Dewey Decimal Classification | Non-fiction | Biblioteca Pública José María del Castillo y Rada | Biblioteca Pública José María del Castillo y Rada | 10/02/2020 | Donación | 347.09861 / C764j | 201810780 | 05/16/2024 | Ej.1 | 03/10/2021 | Books |